Flags with hats Quiz Stats

 Plays Quiz not verified by Sporcle

Score 0/16 Timer 10:00
0 Plays Today
Country % Correct
Lesotho
73%
Vatican City
68.3%
Liechtenstein
65.1%
Spain
65.1%
Serbia
47.6%
Nicaragua
46%
Andorra
44.4%
El Salvador
42.9%
Country % Correct
Haiti
42.9%
Paraguay
41.3%
San Marino
41.3%
Montenegro
39.7%
Croatia
38.1%
Tajikistan
34.9%
Bolivia
34.9%
Fiji
30.2%

You're not logged in!

Compare scores with friends on all Sporcle quizzes.
OR
Log In

Show Comments

Extras

Top Quizzes Today


Score Distribution

Your Account Isn't Verified!

In order to create a playlist on Sporcle, you need to verify the email address you used during registration. Go to your Sporcle Settings to finish the process.

Report this User

Report this user for behavior that violates our Community Guidelines.

Details: